Dutch Politcal Parties (House of Representatives) - Statistics

General Stats
  • This quiz has been taken 226 times
    184 since last reset
  • The average score is 13 of 17
Answer Stats
Seats Answer % Correct
35 Volkspartij voor Vrijheid en Democratie (VVD)
96%
23 Democraten 66 (D66)
94%
17 Partij voor de Vrijheid (PVV)
94%
8 Forum voor Democratie (FvD)
91%
8 GroenLinks (GL)
91%
15 Christen-Democratisch Appèl (CDA)
90%
9 Partij van de Arbeid (PvdA)
90%
9 Socialistische Partij (SP)
86%
5 ChristenUnie (CU)
85%
6 Partij voor de Dieren (PvdD)
76%
3 Staatkundig Gereformeerde Partij (SGP)
76%
1 BoerBurgerBeweging (BBB)
75%
3 Ja21 (JA21)
69%
3 Volt (VOLT)
69%
3 Denk (DENK)
68%
1 50plus (50+)
64%
1 Bij1 (BIJ1)
1%
No matching quizzes found
Score Distribution
Percent of People with Each Score
Percentile by Number Answered
Your Score History
You have not taken this quiz since the last reset